| LEADER |
01121nam0a2200217 450 |
| 001 |
16848328 |
| 010 |
|
|
|a 978-2-317-03500-5
|b br.
|d 15,95
|
| 100 |
|
|
|a 20240425d2024 u u0frey01 ba
|
| 101 |
0 |
|
|a fre
|
| 102 |
|
|
|a FR
|
| 200 |
0 |
|
|a Mon enfant est encore malade !
|e le guide complet de la santé de 0 à 16 ans
|f Dr Emmanuel Delmas @superpediatre
|g illustrations Océane Meklemberg
|
| 207 |
|
1 |
|a
|
| 210 |
|
|
|a Paris
|c Mango
|d 2024
|
| 215 |
|
|
|a 1 vol. (159 p.)
|c illustrations en couleur
|d 24 x 18 cm
|
| 225 |
1 |
|
|a Prendre soin de son bébé
|
| 330 |
|
|
|a Pendant les premières années de sa vie, l'enfant construit son immunité et contracte diverses maladies, la plupart du temps bénignes. Grâce à un classement par symptôme et à des arbres décisionnels, ce guide permet aux parents de réagir rapidement à toute situation et d'évaluer le caractère d'urgence. Electre 2024
|
| 700 |
|
0 |
|a Delmas
|b Emmanuel
|4 70
|
| 702 |
|
0 |
|a Meklemberg
|b Océane
|4 440
|
| 900 |
|
|
|a Documentaire
|
| 901 |
|
|
|a Accessible au prêt
|
| 995 |
|
|
|a Bibliothèque
|c Bibliothèque
|f 00156011596897
|h 00156011596897
|k 649.4 DEL
|o p
|q a
|r az
|e Bibliothèque
|